Christianity and monasticism in northern Egypt : (Record no. 64267)
[ view plain ]
| 000 -الفاتح | |
|---|---|
| حقل البيانات ثابتة الطول | 03914cam a22003257i 4500 |
| 005 - وقت وتاريخ اخر تعامل مع التسجيلة | |
| رقم الضبط | 20240530110723.0 |
| 008 - عناصر البيانات ثابتة الطول - معلومات عامة | |
| حقل البيانات ثابتة الطول | 170928t20172017ua ab b 100 0 eng d |
| 020 ## - الرقم الدولى المعيارى للكتب | |
| الرقم الدولى المعيارى للكتاب | 9789774167775 (cloth) |
| 020 ## - الرقم الدولى المعيارى للكتب | |
| الرقم الدولى المعيارى للكتاب | 9774167775 (cloth) |
| 040 ## - مصدر الفهرسة | |
| وكالة الفهرسة الأصلية | YDXCP |
| لغة الفهرسة | eng |
| قواعد الوصف | rda |
| وكالة النسخ | YDXCP |
| وكالة التعديل | BDX |
| -- | OCLCQ |
| -- | CDX |
| -- | PTS |
| -- | DLC |
| 082 04 - رقم تصنيف ديوى العشرى | |
| رقم الطبعة | 21 |
| رقم التصنيف | 270.25739 / |
| رقم المادة | G C/CC |
| 245 00 - بيان العنوان | |
| العنوان | Christianity and monasticism in northern Egypt : |
| بقية العنوان | Beni Suef, Giza, Cairo, and the Nile Delta / |
| بيان المسئوليه,etc | edited by Gawdat Gabra, Hany N. Takla. |
| 300 ## - الوصف المادى | |
| التعداد | xxiv, 359 pages : |
| تفاصيل ماديه اخرى للوعاء | illustrations, maps ; |
| أبعاد الوعاء | 24 cm. |
| 500 ## - تبصرة عامة | |
| تبصرة عامة | "A Saint Mark Foundation book"-- t.p. |
| 500 ## - تبصرة عامة | |
| تبصرة عامة | "...contains the essays presented at the seventh international symposium of the St. Mark Foundation for Coptic History Studies and the St. Shenouda the Archimandrite Coptic Society. The symposium was held on February 8-12, 2015 in the Monastery of Saint Menas (Dayr Mari Mina) near Alexandria"--Foreword, page xix. |
| 504 ## - تبصرة ببليوجرافية | |
| تبصرة ببليوجرافية,الخ | Includes bibliographical references (pages 315-359). |
| 650 #0 - المدخل الاضافى بالموضوع-مصطلح موضوعى | |
| مصطلح موضوعي | Coptic monasticism and religious orders |
| التقسيم الفرعي الجغرافي | Egypt |
| التقسيم الفرعي العام | History |
| التقسيم الفرعي الشكلي | Congresses. |
| 650 #0 - المدخل الاضافى بالموضوع-مصطلح موضوعى | |
| مصطلح موضوعي | Coptic monasticism and religious orders |
| التقسيم الفرعي الجغرافي | Egypt |
| -- | Nile River Delta |
| التقسيم الفرعي العام | History |
| التقسيم الفرعي الشكلي | Congresses. |
| 650 #0 - المدخل الاضافى بالموضوع-مصطلح موضوعى | |
| مصطلح موضوعي | Copts |
| التقسيم الفرعي الجغرافي | Egypt |
| التقسيم الفرعي العام | Civilization |
| التقسيم الفرعي الشكلي | Congresses. |
| 651 #0 - المدخل الاضافى بالموضوع - اسم جغرافى | |
| الاسم الجغرافي | Egypt |
| التقسيم الفرعي العام | Church history |
| التقسيم الفرعي الشكلي | Congresses. |
| 700 1# - المدخل الاضافى - اسم شخصى | |
| الإسم الشخصى | Gabra, Gawdat, |
| الدور | editor. |
| 700 1# - المدخل الاضافى - اسم شخصى | |
| الإسم الشخصى | Takla, Hany N., |
| الدور | editor. |
| 710 2# - المدخل الاضافى - اسم هيئه | |
| اسم الهيئة أو اسم السلطة كمدخل | Saint Mark Foundation, |
| الدور | issuing body. |
| 710 2# - المدخل الاضافى - اسم هيئه | |
| اسم الهيئة أو اسم السلطة كمدخل | Saint Shenouda the Archimandrite Coptic Society, |
| الدور | issuing body. |
| 942 ## - عناصر المدخل الإضافي( كوها) | |
| مصدر التصنيف او مخطط الترفيف | Dewey Decimal Classification |
| Koha [default] item type | كتاب |
| 264 #1 - | |
| -- | Cairo ; |
| -- | New York : |
| -- | The American University in Cairo Press, |
| -- | [2017] |
| 505 0# - تبصرة محتويات-الفهرس | |
| تبصرة المحتويات المصاغة | John of Barullos (540-615) / Bishop Kyrillos -- The Relationship between the Monks of Northern Egypt and the patriarchs of the Egyptian church / David Brakke -- Saint Mina monastery in Arabic sources / Sherin Sadek El Gendi -- The Bashmurite revolts in the Delta and the 'Bashmuric dialect,' Frank Feder -- Toward the localization of the Hennaton monastic complex, Mary Ghattas -- The Pachomian federation and lower Egypt : the ties that bind / James E. Goehring -- The relations between the coptic church and the Armenian church from the time of Muhammad Ali to the present (1805-2015) / Mary Kupelian -- Saint Barsoum the naked and his veneration at al-Ma'sara (Deir Shahran) / Bishop Martyros -- The traditions of the holy family and the development of Christianity in the Nile Delta / Ashraf Alexandre Sadek -- Anba Ruways and the cathedral of Saint Mark / Adel F. Sadek -- The perception of St. Athanasius of Alexandria in later coptic literature / Ibrahim Saweros -- The discovery of papyri from Turah at Dayr al-Qusayr (Dayr Arsaniyus) and its legacy / Caroline T. Schroeder -- Nitria / Mark Sheridan -- Yuhanna al-Samannudi, the founder of national coptic philology in the Middle Ages / Adel Sidarus -- The Arabic version of the Miracles of Apa Mena Based on two unpublished manuscripts in the collection of the St. Shenouda the Archimandrite coptic society in Los Angeles / Hany N. Takla -- Life of Pope Cyril VI (Kyrillos VI) / Teddawos Ava Mina and Youhanna Nessim Youssef -- The veneration of Anba Hadid and the Nile Delta in the thirteenth century / Asuka Tsuji -- Kellia and monastic epigraphy / Jacques van der Vliet -- Butrus al-Sadamanti al-Armani (Peter of Sadamant "the Armenian") / Fr. Awad Wadi -- Julius of Aqfahs : the martyrdom of John and Simon / Youhanna Nessim Youssef -- The Bohairic Acts of the Martyrs acts as a genre of religious discourse / Ewa D. Zakrzewska -- Remnants of a Byzantine church at Athribis / Tomasz Górecki -- Architecture in Kellia / Gisèle Hadji-Minaglou -- Kellia : its decoration in painting and stucco / Karel C. Innemée -- Highlights from the polish excavations at Marea/Philoxenite 2000-14 / Krzysztof Babraj and Daria Tarara -- Conservation of mural paintings in the coptic museum / Michael Jones. |
| حالة التراجع | حالة الفقد | مصدر التصنيف او خطة الترفيف | حالة تلف | ليس للاعارة | المكان المؤقت | الموقع الحالى | موقع الترفيف | تاريخ الاكتساب | اجمالي اﻻعارات | رقم الطلب | الباركود | تاريخ اخر مشاهدة | تاريخ تفعيل السعر | نوع وعاء كوها |
|---|---|---|---|---|---|---|---|---|---|---|---|---|---|---|
| ddc | مكتبة القاهرة الكبرى | مكتبة القاهرة الكبرى | 04/04/2018 | 270.25739 / G C/CC | 164427 | 04/04/2018 | 04/04/2018 | كتاب |

